[Event "FRA-chT2 0910"]
[Site "France"]
[Date "2009.11.22"]
[Round "4.7"]
[White "Bureau, Frederic"]
[Black "Colouray, Anthony"]
[Result "0-1"]
[WhiteElo "2052"]
[BlackElo "1948"]
[PlyCount "110"]
[EventDate "2009.09.27"]
[EventType "team-tourn"]
[EventRounds "11"]
[EventCountry "FRA"]
[SourceTitle "EXT 2011"]
[Source "ChessBase"]
[SourceDate "2010.11.26"]
[SourceVersion "1"]
[SourceVersionDate "2010.11.26"]
[SourceQuality "1"]

1. d4 Nf6 2. Nf3 e6 3. Bg5 d5 4. c4 Be7 5. Nc3 0-0 6. e3 Nbd7 7. cxd5 exd5 8. Bd3 Re8 9. Qc2 h6 10. Bh4 c6 11. h3 Ne4 12. Bxe7 Qxe7 13. 0-0-0 b5 14. Bxe4 dxe4 15. Nd2 Nf6 16. Nb3 Nd5 17. Nxd5 cxd5 18. Kb1 Bf5 19. Rc1 Rec8 20. Qd2 Qd8 21. Rc5 Rxc5 22. dxc5 Rc8 23. Rc1 Be6 24. Na5 Qc7 25. h4 Rb8 26. b4 a6 27. Nb3 Qh2 28. g3 Qh3 29. c6 Rd8 30. Kb2 Qf5 31. Rc2 Qe5+ 32. Nd4 Qc7 33. a3 Bc8 34. Rc1 Rd6 35. Qe2 Rf6 36. g4 Qh2 37. Rc2 Qxh4 38. c7 Bxg4 39. Qxg4 Qxg4 40. c8Q+ Qxc8 41. Rxc8+ Kh7 42. Rc2 h5 43. Kc3 g5 44. f4 exf3 45. Rf2 g4 46. Kd2 Kg6 47. Ke1 Kg5 48. Kf1 h4 49. Kg1 h3 50. Kh2 Kh4 51. Kg1 Kg3 52. Rf1 h2+ 53. Kh1 Kh3 54. Nxf3 Rxf3 55. Rxf3+ gxf3 0-1